000 01123nam a22003017a 4500
001 BR7603430
003 BR-BrBNA
005 20230928085025.0
007 ta
008 230509b bl.||||| |||| 00| 0 por d
040 _aBR-BrBNA
_bpor
_cBiblioteca Nacional de Agricultura
041 _a(Por)
072 _aF00; F40
_b/G514
090 _ F00 BR7603430
100 1 _aSantos, J.R. dos
110 1 _aInstituto de Pesquisas Espaciais, Sao Jose dos Campos, SP (Brasil)
245 1 _aUtilizacao de imagens do LANDSAT E FOTOGRAFIAS DO SKYLAB, para levantamento de vegetacao, relevo e caracterizacao de areas de maior potencial agricola no Sul do Estado do Espirito Santo [Brasil]
_bINPE-957-NTE/071
260 3 _aSao Jose dos Campos, SP (Brasil):
_c1976.
300 _a24 p.
500 _a9 illus.; Summaries (Eng, Por). (*) Documento disponível na(o) Instituto de Pesquisas Espaciais, Sao Jose dos Campos, SP (Brazil)
650 _aAGRICULTURA
650 _aVEGETACAO
650 _aRELEVO
650 _aSENSORIAMENTO REMOTO
650 _aESPIRITO SANTO
909 _a202309
_bLucia
_c55
_dLucia Elande
942 _cBK
999 _c22439
_d22439